000 00393nam a2200181Ia 4500
003 0STCL
008 150530s9999 xx 000 0 und d
040 _aSTCL
_cSTCL
100 _aRavi Shanker
245 _aSathyaneshikkoru Vazhikkatti
250 _a3
260 _c2006
_aBanglore
300 _a0
546 _aMalayalam
942 _2ddc
_cBK
999 _c2078
_d2078
005 20220125160235.0